Calendari del pagès per a l'any ... : publicat per l'Institut Agrícola Català de Sant Isidre publicat per l'Institut Agrícola Català de Sant Isidre
Descripción Física:
2 volums : periodicitat anual, il·lustracions ; 19 x 13 cm
MARC
| LEADER | 00000nas a2200000 a 4500 | ||
|---|---|---|---|
| 001 | 29052 | ||
| 003 | AGDB | ||
| 005 | 20260324180155.0 | ||
| 008 | 160829s9999 xx 000 0 cat d | ||
| 008 | 160829s9999 xx 000 0 cat d | ||
| 080 | |a Revistes | ||
| 245 | |a Calendari del pagès per a l'any ... : |b publicat per l'Institut Agrícola Català de Sant Isidre | ||
| 260 | |a Barcelona : |b l'Institut, [1856]-1936 | ||
| 300 | |a 2 volums : |b periodicitat anual, il·lustracions ; |c 19 x 13 cm | ||
| 362 | |a any 1 [1856]-any 81 (1936) | ||
| 590 | |a Descripció basada en: 1929. | ||
| 590 | |a Continuada per: Calendario del payés (1942) i Calendari del pagès (1977). | ||
| 590 | |a L'any 1929 i 1930 provenen de Q-502 | ||
| 650 | |a Calendaris i efemèrides |x Catalunya |9 48519 | ||
| 650 | |a Agricultura |x Catalunya |x Calendaris |9 48520 | ||
| 710 | 2 | |a Institut Agrícola Català de Sant Isidre |9 53078 | |
| 866 | |a 1929, 1930 | ||
| 901 | |a Arxiu | ||
| 942 | |n 1 |2 udc |c ARXIU | ||
| 952 | |0 0 |1 0 |2 udc |4 0 |6 REV2409 |7 1 |9 54621 |a Arxiu |b Arxiu |d 2016-12-01 |h 1929, 1930 |l 0 |o Rev-2409 |p 29052 |r 2016-12-01 00:00:00 |y ARXIU | ||
| 999 | |c 58490 |d 58490 | ||